000 02706cam a22004454i 4500
003 PE-LiUPU
005 20250731165407.0
008 151014s2014 pe a grm 000 0 spa d
035 _a(Sirsi) a154862
040 _aPE-LiUPU
_bspa
_cPE-LiUPU
_erda
099 _aSP 3
_bD23 2014
100 1 _aDamián Aldave, Teodora
_eautor
245 1 _aRelación entre estilo de vida y síndrome metabólico en la Comunidad Adventista de Puente Piedra, Lima, Perú, 2014 /
_cTeodora Damián Aldave.
264 0 _c2014.
300 _a73 hojas :
_bilustraciones;
_c30 cm
336 _atext
_2rdacontent
337 _aunmediated
_2rdamedia
338 _avolume
_2rdacarrier
502 _aTesis
_b(Mg.) --
_cUniversidad Peruana Unión,
_d2014.
504 _aIncluye referencias bibliográficas
520 3 _aLa creciente incidencia del síndrome metabólico, la alta morbimortalidad de enfermedades cardiovasculares en todos los grupos etáreos, culturas; los riesgos, secuelas físicas y económicas que estos producen en la sociedad actual, son realmente preocupantes en los sectores de salud, educación y gubernamentales. En ese sentido el presente estudio tiene como objetivo investigar la relación que existe entre estilos de vida y síndrome metabólico en la comunidad adventista de Puente Piedra, Lima, 2014. La investigación fue de tipo descriptivo, transversal y correlacional. La evaluación de las variables se realizó mediante la aplicación de las pruebas estadísticas de correlación y de frecuencia con el fin de establecer la prevalencia, la relación y el grado de riesgo. Como conclusión, el presente estudio demostró que desde el punto de vista estadístico no existe relación significativa entre estilo de vida y síndrome metabólico. Sin embargo, en los indicadores de alcohol, tabaco, deficiencia en el consumo de menestras, cereales, oleaginosas y exceso de frituras se nota niveles de relación significativa, y por tanto de riesgos cardiovasculares. Asimismo la prevalencia de síndrome metabólico, según criterios de ATP III es relativamente baja en comparación con la población del país.
526 _aSEG44
526 _aSEG26
526 _aP151
526 _aP150
526 _aP149
526 _aP146
526 _aP145
526 _aP126
526 _aP125
526 _aP92
526 _aP75
526 _aP74
526 _aP27
526 _aP15
650 0 4 _aAdventistas del Séptimo día
_xEstilos de vida
_xSíndrome metabólico.
596 _a1
942 _2ddc
_cTESIS
999 _aSP 3 D23 2014
_wALPHANUM
_c7555
_iT01600
_d7555
_lCCODEBUL3
_mBUL
_q1
_r1
_sY
_tTESIS
_u2015-10-14
_xPOSGRADO
_PP82
_o.STAFF. Tesis
980 _81
_gALBERTO SANCHEZ Responsable de Automatización